[Event "Krasnodar Region-ch (Women)"]
[Site "Krasnodar"]
[Date "2014.10.11"]
[Round "9"]
[White "Baraeva, Irina"]
[Black "Vishnjakova, Svetlana"]
[Result "0-1"]
[WhiteElo "2197"]
[BlackElo "2111"]
[PlyCount "124"]
[EventDate "2014.10.03"]
[EventType "swiss"]
[EventRounds "9"]
[EventCountry "RUS"]
[SourceTitle "EXT 2015"]
[Source "ChessBase"]
[SourceDate "2014.11.20"]
[SourceVersion "1"]
[SourceVersionDate "2014.11.20"]
[SourceQuality "1"]

1. d4 Nf6 2. c4 e5 3. dxe5 Ng4 4. Nf3 Bc5 5. e3 Nc6 6. Nc3 0-0 7. Be2 Ngxe5 8. Nxe5 Nxe5 9. 0-0 Re8 10. b3 a5 11. Bb2 Ra6 12. Qd5 Bf8 13. Ne4 Rae6 14. Ng3 c6 15. Qd2 Bb4 16. Qc2 Rg6 17. Rad1 d6 18. a3 Bc5 19. Qd2 Qh4 20. Rfe1 Rh6 21. Nf1 Rg6 22. g3 Bh3 23. Bxe5 Qe4 24. f3 Qxe5 25. Bd3 Rge6 26. f4 Qh5 27. Be2 Qg6 28. Bd3 f5 29. Qxa5 Bxf1 30. Kxf1 Qh5 31. Kg2 Rh6 32. h4 Rg6 33. Qd2 Bxa3 34. Qf2 Rge6 35. Qf3 Qg6 36. Re2 Qf6 37. Rde1 Bb4 38. Rc1 g6 39. Kf1 Kg7 40. Kf2 Bc5 41. Rce1 Qc3 42. Rd1 Rxe3 43. Rxe3 Rxe3 44. Qxe3 Bxe3+ 45. Kxe3 Kf6 46. Rb1 d5 47. cxd5 cxd5 48. b4 d4+ 49. Ke2 Ke6 50. b5 Kd5 51. Rd1 Qb2+ 52. Kf3 Kc5 53. Be2 Qb3+ 54. Kg2 Qe3 55. Bf1 Kb4 56. Rd3 Qe4+ 57. Kg1 Kc5 58. Kf2 h6 59. Kg1 Qe1 60. Rb3 Kd5 61. Ra3 Ke4 62. Rd3 Qxf1+ 0-1

[Event "Krasnodar Region-ch (Women)"]
[Site "Krasnodar"]
[Date "2014.10.09"]
[Round "7"]
[White "Serditykh, Olesya"]
[Black "Vishnjakova, Svetlana"]
[Result "0-1"]
[WhiteElo "1546"]
[BlackElo "2111"]
[PlyCount "70"]
[EventDate "2014.10.03"]
[EventType "swiss"]
[EventRounds "9"]
[EventCountry "RUS"]
[SourceTitle "EXT 2015"]
[Source "ChessBase"]
[SourceDate "2014.11.20"]
[SourceVersion "1"]
[SourceVersionDate "2014.11.20"]
[SourceQuality "1"]

1. d4 Nf6 2. c4 c5 3. d5 b5 4. cxb5 a6 5. bxa6 Bxa6 6. Nc3 g6 7. Nf3 d6 8. e4 Bxf1 9. Kxf1 Bg7 10. g3 0-0 11. Kg2 Nbd7 12. h3 Qb6 13. Qc2 Qb7 14. a4 Nb6 15. Nd2 e5 16. dxe6 fxe6 17. Qb3 d5 18. a5 Rf7 19. exd5 exd5 20. Kh2 d4 21. Nb5 Qc6 22. Re1 Nfd5 23. Ne4 c4 24. Qc2 Nb4 25. Qd2 Nd3 26. Nbd6 Nxe1 27. Qxe1 Rff8 28. Bg5 Nd5 29. Qc1 c3 30. bxc3 Nxc3 31. Qc2 d3 32. Qb3+ Kh8 33. Nf7+ Rxf7 34. Qxf7 Nxe4 35. Rc1 Nxg5 0-1

[Event "Krasnodar Region-ch (Women)"]
[Site "Krasnodar"]
[Date "2014.10.07"]
[Round "5"]
[White "Rybakova, Galina"]
[Black "Vishnjakova, Svetlana"]
[Result "0-1"]
[WhiteElo "1389"]
[BlackElo "2111"]
[PlyCount "84"]
[EventDate "2014.10.03"]
[EventType "swiss"]
[EventRounds "9"]
[EventCountry "RUS"]
[SourceTitle "EXT 2015"]
[Source "ChessBase"]
[SourceDate "2014.11.20"]
[SourceVersion "1"]
[SourceVersionDate "2014.11.20"]
[SourceQuality "1"]

1. d4 Nf6 2. c4 c5 3. Nf3 g6 4. e3 Bg7 5. Nc3 b6 6. Be2 Bb7 7. 0-0 0-0 8. b3 d6 9. Bb2 Nbd7 10. Ne1 e6 11. Bf3 Bxf3 12. Nxf3 Qe7 13. Re1 Rfd8 14. Ne2 Ne4 15. Rb1 g5 16. h3 f5 17. d5 e5 18. Nh2 Nf8 19. f3 Nf6 20. Rf1 Ng6 21. Bc3 Rf8 22. Be1 Qd7 23. Ng3 Ne7 24. f4 gxf4 25. exf4 e4 26. Nh5 Nxh5 27. Qxh5 Qe8 28. Qxe8 Raxe8 29. Bh4 Ng6 30. Bg3 Bd4+ 31. Kh1 b5 32. Rfe1 bxc4 33. bxc4 Rb8 34. Nf1 h5 35. Nd2 h4 36. Bh2 Bc3 37. Rxb8 Rxb8 38. Rb1 Rxb1+ 39. Nxb1 Bd4 40. g3 e3 41. gxh4 e2 42. Bg3 Nxf4 0-1

[Event "Sochi Tseshkovsky Memorial op"]
[Site "Sochi"]
[Date "2014.09.23"]
[Round "7"]
[White "Tsvetkov, Vladimir"]
[Black "Vishnjakova, Svetlana"]
[Result "0-1"]
[WhiteElo "1862"]
[BlackElo "2123"]
[PlyCount "42"]
[EventDate "2014.09.17"]
[EventType "swiss"]
[EventRounds "9"]
[EventCountry "RUS"]
[SourceTitle "CBM 162 Extra"]
[Source "ChessBase"]
[SourceDate "2014.10.17"]
[SourceVersion "1"]
[SourceVersionDate "2014.10.17"]
[SourceQuality "1"]

1. e4 d5 2. exd5 Nf6 3. c4 e6 4. dxe6 Bxe6 5. d3 Qe7 6. Be3 Nc6 7. Qa4 0-0-0 8. Be2 Ng4 9. Nf3 Bf5 10. Kd2 Nxe3 11. fxe3 g5 12. Nc3 g4 13. Nd4 Nxd4 14. exd4 Bh6+ 15. Kc2 a6 16. Rae1 Qe3 17. Ne4 Qxd4 18. Rhf1 Bxe4 19. dxe4 Qxe4+ 20. Kb3 Rd3+ 21. Bxd3 Qxd3+ 0-1

[Event "Sochi Tseshkovsky Memorial op"]
[Site "Sochi"]
[Date "2014.09.17"]
[Round "1"]
[White "Khalifman, Alexander"]
[Black "Vishnjakova, Svetlana"]
[Result "1-0"]
[WhiteElo "2621"]
[BlackElo "2123"]
[PlyCount "73"]
[EventDate "2014.09.17"]
[EventType "swiss"]
[EventRounds "9"]
[EventCountry "RUS"]
[SourceTitle "CBM 162 Extra"]
[Source "ChessBase"]
[SourceDate "2014.10.17"]
[SourceVersion "1"]
[SourceVersionDate "2014.10.17"]
[SourceQuality "1"]

1. d4 Nf6 2. Nf3 g6 3. g3 Bg7 4. Bg2 c5 5. 0-0 0-0 6. c4 cxd4 7. Nxd4 Nc6 8. Nc3 Nxd4 9. Qxd4 d6 10. Qd3 Qc7 11. Bg5 Be6 12. b3 h6 13. Be3 Ng4 14. Bd4 Ne5 15. Qd2 a6 16. Rac1 Rab8 17. Rfd1 Kh7 18. Na4 b6 19. Qb2 Bh8 20. Nc3 Ng4 21. Nd5 Qa7 22. h3 Bxd4 23. Qxd4 Ne5 24. Kh2 a5 25. e4 Nc6 26. Qe3 Bc8 27. g4 f6 28. Nc3 Qd7 29. Nb5 h5 30. Rd2 Ba6 31. e5 Bxb5 32. cxb5 Nd8 33. exd6 exd6 34. Qd4 Nf7 35. Qxf6 Qxb5 36. Be4 Ne5 37. Rc7+ 1-0

[Event "South FR-ch"]
[Site "Armavir"]
[Date "2012.03.??"]
[Round "6"]
[White "Vishnjakova, Svetlana"]
[Black "Esipenko, Andrey"]
[Result "1-0"]
[WhiteElo "2146"]
[BlackElo "2100"]
[PlyCount "109"]
[EventDate "2012.03.11"]
[EventType "swiss"]
[EventRounds "9"]
[EventCountry "RUS"]
[SourceTitle "EXT 2023"]
[Source "ChessBase"]
[SourceDate "2022.10.05"]
[SourceVersion "1"]
[SourceVersionDate "2022.10.05"]
[SourceQuality "1"]

1. e4 c5 2. Nc3 Nc6 3. g3 g6 4. Bg2 Bg7 5. d3 d6 6. Be3 e6 7. Qd2 Nd4 8. Nd1 Nc6 9. c3 Ne5 10. h3 Ne7 11. f4 N5c6 12. Nf3 Rb8 13. 0-0 b5 14. Nf2 0-0 15. d4 cxd4 16. Nxd4 Qc7 17. a4 bxa4 18. Rxa4 Na5 19. Rfa1 Nc4 20. Qe2 Nxe3 21. Rxa7 Qb6 22. Rxe7 Nxg2 23. Kxg2 Bxd4 24. cxd4 Bb7 25. Rd1 Qd8 26. Rxb7 Rxb7 27. Rd2 f5 28. h4 Re7 29. Qf3 d5 30. e5 Rc7 31. Nd3 Rc4 32. Nc5 Qa5 33. Qf2 Kh8 34. Nxe6 Ra8 35. Nc5 Kg8 36. h5 Qc7 37. Qf3 Qc6 38. b3 Rc1 39. Nd3 Raa1 40. Nb4 Rg1+ 41. Kh3 Qc1 42. Rh2 Qd1 43. Qxd1 Raxd1 44. Nxd5 Rxd4 45. Nf6+ Kg7 46. Rg2 Rh1+ 47. Rh2 Rxh2+ 48. Kxh2 Rb4 49. h6+ Kxh6 50. e6 Rb7 51. e7 Rxe7 52. Ng8+ Kg7 53. Nxe7 Kf6 54. Nd5+ Ke6 55. Nc3 1-0

[Event "South FR-ch"]
[Site "Armavir"]
[Date "2012.03.??"]
[Round "8"]
[White "Vishnjakova, Svetlana"]
[Black "Kruglyak, Nikita"]
[Result "0-1"]
[WhiteElo "2146"]
[BlackElo "2037"]
[PlyCount "36"]
[EventDate "2012.03.11"]
[EventType "swiss"]
[EventRounds "9"]
[EventCountry "RUS"]
[SourceTitle "EXT 2023"]
[Source "ChessBase"]
[SourceDate "2022.10.05"]
[SourceVersion "1"]
[SourceVersionDate "2022.10.05"]
[SourceQuality "1"]

1. e4 c5 2. Nc3 Nc6 3. g3 e6 4. Bg2 Nf6 5. Nge2 Be7 6. 0-0 0-0 7. h3 Rb8 8. f4 d5 9. Kh2 d4 10. Nb1 d3 11. cxd3 Qxd3 12. Rf3 Qxe4 13. Rb3 Qa4 14. Nbc3 Qa6 15. Ne4 Nxe4 16. Bxe4 Nd4 17. Ra3 Qxe2+ 18. Qxe2 Nxe2 0-1

[Event "Voronezh op-B 15th"]
[Site "Voronezh"]
[Date "2011.06.20"]
[Round "9"]
[White "Latonin, Mikhail"]
[Black "Vishnjakova, Svetlana"]
[Result "1-0"]
[WhiteElo "1962"]
[BlackElo "2193"]
[PlyCount "37"]
[EventDate "2011.06.12"]
[EventType "swiss"]
[EventRounds "9"]
[EventCountry "RUS"]
[SourceTitle "CBM 143 Extra"]
[Source "ChessBase"]
[SourceDate "2011.08.29"]
[SourceVersion "1"]
[SourceVersionDate "2011.08.29"]
[SourceQuality "1"]

1. e4 d5 2. exd5 Nf6 3. Nf3 Nxd5 4. d4 g6 5. c4 Nb6 6. Nc3 Bg7 7. c5 Nd5 8. Bc4 c6 9. 0-0 0-0 10. Re1 Bg4 11. Bg5 Nf6 12. h3 Bxf3 13. Qxf3 Qxd4 14. Bb3 Qxc5 15. Bxf6 exf6 16. Ne4 Qe5 17. Rad1 Qxb2 18. Nd6 h6 19. Re2 1-0

[Event "Voronezh op-B 15th"]
[Site "Voronezh"]
[Date "2011.06.18"]
[Round "7"]
[White "Gerasko, Viacheslav"]
[Black "Vishnjakova, Svetlana"]
[Result "1-0"]
[WhiteElo "1962"]
[BlackElo "2193"]
[PlyCount "69"]
[EventDate "2011.06.12"]
[EventType "swiss"]
[EventRounds "9"]
[EventCountry "RUS"]
[SourceTitle "CBM 143 Extra"]
[Source "ChessBase"]
[SourceDate "2011.08.29"]
[SourceVersion "1"]
[SourceVersionDate "2011.08.29"]
[SourceQuality "1"]

1. d4 Nf6 2. c4 c5 3. d5 b5 4. Nf3 d6 5. e3 a6 6. cxb5 axb5 7. Bxb5+ Nbd7 8. 0-0 Ba6 9. Nc3 g6 10. Re1 Bxb5 11. Nxb5 Bg7 12. e4 0-0 13. a4 Nb6 14. h3 Qd7 15. Nc3 Qb7 16. Qc2 Nfd7 17. Bf4 Nc4 18. b3 Nce5 19. Nd2 f5 20. Bg5 fxe4 21. Bxe7 Nd3 22. Ndxe4 Nxe1 23. Rxe1 Rf7 24. Nxd6 Qb4 25. Nxf7 Bxc3 26. Re4 Bd4 27. Nh6+ Kg7 28. Bg5 Ne5 29. Ng4 Nxg4 30. hxg4 Rf8 31. Be3 Qa5 32. Bxd4+ cxd4 33. d6 Rf7 34. Qd1 Qd8 35. Qxd4+ 1-0

[Event "Voronezh op-B 15th"]
[Site "Voronezh"]
[Date "2011.06.14"]
[Round "3"]
[White "Vishnjakova, Svetlana"]
[Black "Potapov, Alexander"]
[Result "0-1"]
[WhiteElo "2193"]
[BlackElo "2243"]
[PlyCount "42"]
[EventDate "2011.06.12"]
[EventType "swiss"]
[EventRounds "9"]
[EventCountry "RUS"]
[SourceTitle "CBM 143 Extra"]
[Source "ChessBase"]
[SourceDate "2011.08.29"]
[SourceVersion "1"]
[SourceVersionDate "2011.08.29"]
[SourceQuality "1"]

1. e4 c6 2. d4 d5 3. exd5 cxd5 4. Bd3 Nc6 5. c3 Qc7 6. Qb3 Nxd4 7. Qxd5 Nc6 8. Ne2 Nf6 9. Qg5 Bg4 10. f3 0-0-0 11. Be4 h6 12. Qh4 g5 13. Bxg5 hxg5 14. Qxh8 Nxe4 15. fxe4 Qb6 16. c4 Qe3 17. Nbc3 Nd4 18. Kf1 Bxe2+ 19. Nxe2 Qxe2+ 20. Kg1 Qe3+ 21. Kf1 Qf4+ 0-1

[Event "Yuzhny FO-ch op"]
[Site "Armavir"]
[Date "2011.03.16"]
[Round "5"]
[White "Zakaryan, David"]
[Black "Vishnjakova, Svetlana"]
[Result "1-0"]
[WhiteElo "2009"]
[BlackElo "2223"]
[PlyCount "119"]
[EventDate "2011.03.12"]
[EventType "swiss"]
[EventRounds "9"]
[EventCountry "RUS"]
[SourceTitle "CBM 141 Extra"]
[Source "ChessBase"]
[SourceDate "2011.05.03"]
[SourceVersion "1"]
[SourceVersionDate "2011.05.03"]
[SourceQuality "1"]

1. e4 d5 2. exd5 Nf6 3. d4 Nxd5 4. c4 Nb6 5. Nf3 g6 6. h3 Bg7 7. Nc3 0-0 8. Be3 Nc6 9. Qd2 e5 10. d5 Ne7 11. g4 f5 12. Be2 Nd7 13. Bh6 a6 14. Bxg7 Kxg7 15. d6 Nc6 16. 0-0-0 cxd6 17. Qxd6 Qf6 18. Qc7 Qd8 19. Nd5 Rf7 20. Qxd8 Nxd8 21. Ng5 Nc6 22. Nc7 Rb8 23. Ne8+ Kf8 24. Nxf7 Kxe8 25. Nd6+ Ke7 26. gxf5 Nd4 27. Nxc8+ Rxc8 28. Rhe1 gxf5 29. Bf1 Nf3 30. Re3 e4 31. Be2 Nfe5 32. f3 exf3 33. Bxf3 Rxc4+ 34. Kb1 Kf6 35. Bxb7 a5 36. Rd6+ Kg5 37. Ba6 Rc7 38. Bb5 Kf4 39. Re1 Rb7 40. Rd4+ Kg5 41. h4+ Kf6 42. Rd6+ Kf7 43. Bxd7 Rxd7 44. Rxd7+ Nxd7 45. Kc2 Kf6 46. Rd1 Ke6 47. Kd3 Ne5+ 48. Kd4 Nf3+ 49. Ke3 Nxh4 50. Rh1 Ng6 51. Rxh7 Ne5 52. Rh4 Kd5 53. Rh5 Nc4+ 54. Kd3 Ne5+ 55. Ke3 Nc4+ 56. Kf4 Nxb2 57. Rxf5+ Kc6 58. Rxa5 Kb6 59. Ra8 Nd3+ 60. Ke4 1-0

[Event "RUS-ch zt qual 62nd"]
[Site "Armavir"]
[Date "2009.03.??"]
[Round "4"]
[White "Pivovarova, Maria"]
[Black "Vishnjakova, Svetlana"]
[Result "0-1"]
[WhiteElo "2024"]
[BlackElo "2253"]
[PlyCount "102"]
[EventDate "2009.03.21"]
[EventType "swiss"]
[EventRounds "9"]
[EventCountry "RUS"]
[SourceTitle "EXT 2022"]
[Source "ChessBase"]
[SourceDate "2021.10.06"]
[SourceVersion "1"]
[SourceVersionDate "2021.10.06"]
[SourceQuality "1"]

1. Nc3 f5 2. d4 Nf6 3. g3 g6 4. Bg2 Bg7 5. e4 fxe4 6. Nxe4 0-0 7. Ne2 Nxe4 8. Bxe4 c5 9. 0-0 cxd4 10. Nxd4 Nc6 11. Be3 d5 12. Bg2 e5 13. Nxc6 bxc6 14. c3 Ba6 15. Re1 Qf6 16. Bc5 Rf7 17. Qd2 Bf8 18. Be3 Bd6 19. Rad1 Bc7 20. Bf1 Bb7 21. Bg2 Bb6 22. a3 Raf8 23. Bxb6 axb6 24. f3 Re8 25. Qe2 Qd6 26. Kh1 Rfe7 27. Qd3 Qc7 28. Re3 Qc8 29. Ree1 Qf5 30. Kg1 Qxd3 31. Rxd3 Ba6 32. Rdd1 Kf7 33. Kf2 Ke6 34. Bf1 Bxf1 35. Rxf1 Kd6 36. Ke3 Kc5 37. Kd3 Ra8 38. Rfe1 Rf8 39. Re3 Kd6 40. Ke2 g5 41. h3 c5 42. b3 Ref7 43. a4 d4 44. cxd4 exd4 45. Red3 Re8+ 46. Kf2 Rfe7 47. R1d2 Re3 48. b4 Rxd3 49. Rxd3 Kd5 50. bxc5 bxc5 51. a5 c4 0-1

[Event "RUS-ch zt qual 62nd"]
[Site "Armavir"]
[Date "2009.03.??"]
[Round "2"]
[White "Zakhartsov, Viacheslav V"]
[Black "Vishnjakova, Svetlana"]
[Result "1-0"]
[WhiteElo "2529"]
[BlackElo "2253"]
[PlyCount "53"]
[EventDate "2009.03.21"]
[EventType "swiss"]
[EventRounds "9"]
[EventCountry "RUS"]
[SourceTitle "EXT 2022"]
[Source "ChessBase"]
[SourceDate "2021.10.06"]
[SourceVersion "1"]
[SourceVersionDate "2021.10.06"]
[SourceQuality "1"]

1. d4 Nf6 2. Nf3 c5 3. d5 b5 4. Bg5 Bb7 5. Bxf6 exf6 6. e4 Qb6 7. a4 bxa4 8. Nbd2 Ba6 9. Bxa6 Qxa6 10. Qe2 Qxe2+ 11. Kxe2 f5 12. Rxa4 f6 13. exf5 a6 14. Re1 Kf7 15. Kd3 g6 16. Rae4 Ra7 17. Re8 Rb7 18. Nc4 Rg8 19. Rd8 d6 20. Ree8 Nd7 21. Rxf8+ Rxf8 22. Nxd6+ Ke7 23. Nxb7 Rxd8 24. d6+ Ke8 25. Nxd8 Kxd8 26. fxg6 hxg6 27. Kc4 1-0